| 000 | 01100cam a22003137a 4500 | ||
|---|---|---|---|
| 003 | CHAP | ||
| 005 | 20220329135039.0 | ||
| 008 | 971013s1964 r 00010 d | ||
| 010 | _a30077 | ||
| 011 | _a31049 | ||
| 035 | _a35161 | ||
| 040 | _cCHAP | ||
| 082 |
_a581.3325 _bL55 |
||
| 100 | 0 | 0 |
_aLinskens, H. F. _967003 |
| 245 | 0 |
_aPollen physiology and fertilization _b: A symposium held at University of Nijmegen, The Netherlands august, 1963. |
|
| 260 |
_aAmsterdan : _bNorth-Holland Pub., _c1964 |
||
| 300 |
_a257 p. _b: ilus. |
||
| 590 |
_aBATCH-UPD _b10 _c20130110 _lUCH01 _h0201 |
||
| 590 |
_aBATCH-UPD _b10 _c20130110 _lUCH01 _h1115 |
||
| 590 |
_aBATCH-UPD _b10 _c20130410 _lUCH01 _h1338 |
||
| 590 |
_aBATCH-UPD _b10 _c20130914 _lUCH01 _h1652 |
||
| 590 |
_aCONVERSION _b10 _c20130109 _lUCH01 _h1317 |
||
| 650 | 1 | 4 |
_aPlantas _xFertilización. _988838 |
| 650 | 1 | 4 |
_aPolen. _990208 |
| 711 | 0 |
_aInternational Symposium Pollen Physiology and Fertilization _n(1 : _d1963 : _cNijmegen) _960065 |
|
| 901 | _aBK | ||
| 942 | _cLIBRO | ||
| 949 |
_a581.3325 L55 _bBC _cLIBRO _d33724000452793 _eLIBRO _i35161 _si _t155.25 |
||
| 999 |
_c30077 _d30077 |
||